Smallest Maps - Dominating12 - Statistics

General Stats
  • This quiz has been taken 2 times
  • The average score is 6 of 14
Answer Stats
Rank Map Name Territories % Correct
2 Caribbean 26
100%
1 Anchor Bay 24
50%
12 Brecourt Manor 34
50%
6 Brethren Coast 30
50%
11 Dominican Republic 32
50%
10 HoodTown 31
50%
5 Isthmus of Panama 28
50%
6 Saturn 30
50%
2 Timor Islands 26
50%
2 World Reduced 26
50%
6 Ancient Realm 30
0%
12 Arctic Circle 34
0%
12 Australasia 34
0%
6 Nine Kingdoms 30
0%
No matching quizzes found
Score Distribution
Percent of People with Each Score
Percentile by Number Answered
Your Score History
You have not taken this quiz